LEADER 01249nam a2200253 i 4500 001 000000172170 003 CaOOAMICUS 005 20220526150120.0 008 080529s1961 it u000 u ita u 013 $a149609 040 $aSeMil$bita 100 1 $aShakespeare, William,$d<1564-1616>.$0(OLS)http://semarc/name/1186 240 10$aKing Henry the Fourth :$bpart 1-2.$0(OLS)http://semarc/title/440102 245 10$aEnrico 4. (Parte 1 e 2) ; Enrico 5. /$cWilliam Shakespeare ; introduzione e traduzione a cura di Maria Antonietta Andreoni. 264 1$aTorino :$bUnione Tipografico-Editrice Torinese,$cstampa 1961. 300 $a432 p., [1] p. di ritratto ;$c19 cm. 650 4$aShakespeare, William <1564-1616> - Opere.$0(OLS)http://semarc/subject/3624 700 1 $aAndreoni, Maria Antonietta.$0(OLS)http://semarc/name/64053 730 42$aThe life of king Henry the Fifth.$0(OLS)http://semarc/title/440103 850 $aSeMil 852 $aSeMil$W1$xVenegono$y1$m1W III 90$j123032$B123032$CSeMilBibl$Z2$F134314 $81 996 $6245$aEnrico 4. (Parte 1 e 2) ; Enrico 5.$9(OLS)http://semarc/title/246489 996 $6264$aTorino :$bUnione Tipografico-Editrice Torinese$9(OLS)http://semarc/publisher/29628 LEADER 01222nam a2200265 4500 001 000000331492 003 CaOOAMICUS 005 20181205123804.0 008 181204s2014 it 000 u ita r 020 $a978-88-17-07452-0 040 $aSeMil$bita 100 1 $aPietropolli Charmet, Gustavo.$0(OLS)http://semarc/name/5255 245 10$aNarciso innamorato :$bla fine dell'amore romantico nelle relazioni tra adolescenti / $cGustavo Pietropolli Charmet, Laura Turuani. 264 1$aMilano :$bBUR Rizzoli,$c2014. 300 $a171 p. :$c21 cm 490 1 $aBur. Varia 650 4$aAdolescenti - Relazioni amorose - Psicologia.$0(OLS)http://semarc/subject/47928 700 1 $aTuruani, Laura.$0(OLS)http://semarc/name/108611 830 0$aBur. Varia.$0(OLS)http://semarc/title/400645 850 $aSeMil 852 $aSeMil$W1$xVenegono$y1$m2Q VII 270$j210468$B224405$CSeMilBibl$Z2$F224405 $81 996 $6020$a978-88-17-07452-0$9(OLS)http://semarc/number/285758 996 $6245$aNarciso innamorato :$bla fine dell'amore romantico nelle relazioni tra adolescenti / $9(OLS)http://semarc/title/420211 996 $6264$aMilano :$bBUR Rizzoli$9(OLS)http://semarc/publisher/52829 LEADER 01550nam a2200241 i 4500 001 000000239106 003 CaOOAMICUS 005 20150219000000.0 008 150219s1711 it u000 u fre u 013 $a218011 026 $aa-On 5150 er3, ap&u (3) 1711 (R) 040 $aSeMil$bita 245 10$aBibliotheque des auteurs ecclesiastiques. Supplément contenant les principaux points de l'histoire de l'eglise des 4. 5. 6. 7. & 8. siecles, avec una table chronologique. 260 $aA Paris :$bChez André Pralard, ruë saint Jacques, à l'Occasion,$c1711. 300 $a[18], 459, [29] p. ;$c8°. 500 $aCors. ; rom. - Segn. : pg1 a8 A-2G8 2H4 (2H4v bianca). - Testatine, iniz. e finalini xilogr. 500 $aMarca editoriale: La Virtù. Una donna coi capelli al vento poggia il piede su un globo alato e regge con entrambe le mani un fiocco. Sullo sfondo un paesaggio marino. Motto: Inimicos virtute superabis (Repertorio consultato: Marques d'impressors, Univ. di Barcellona). 700 1 $aPralard, André,$c.$0(OLS)http://semarc/name/13643 850 $aSeMil 852 $aSeMil$W1$xVenegono$y1$m3D II 71 FA$j189452$B189452$CSeMilBibl$Z2$F200261 $8I 961 $aRecupero: Altro 996 $6245$aBibliotheque des auteurs ecclesiastiques. Supplément contenant les principaux points de l'histoire de l'eglise des 4. 5. 6. 7. & 8. siecles, avec una table chronologique$9(OLS)http://semarc/title/340497 996 $6260$aA Paris :$bChez André Pralard, ruë saint Jacques, à l'Occasion$9(OLS)http://semarc/publisher/38261